| 000 | 01150nam a2200301 a 4500 | ||
|---|---|---|---|
| 001 | 70122 | ||
| 003 | BD-RjUL | ||
| 005 | 20211209081951.0 | ||
| 008 | 170416r19631957nyua b 101 0 eng d | ||
| 035 | _a(BD-RjUL)70334 | ||
| 040 |
_aDLC _cOKentU _dOClW-H _dOCoLC _dBD-RjUL _beng |
||
| 041 | _aeng | ||
| 082 |
_223 _a577.7 _bNAT 1963. |
||
| 110 | 2 |
_aNational Research Council (U.S.). _bCommittee on a Treatise on Marine Ecology and Paleoecology. _9207672 |
|
| 245 | 1 | 0 |
_aTreatise on marine ecology and paleoecology / _cedited by Joel W. Hedgpeth and Harry S. Ladd |
| 260 |
_aNew York : _bGeological Society of America, _c1957 [reprint 1963]. |
||
| 300 |
_a v. : _bill. ; _c26 cm. |
||
| 410 | 2 | 0 |
_aGeological Society of America. _tMemoir, _v67. |
| 504 | _aIncludes bibliographies and indexes. | ||
| 505 | 0 | _aVol. 1. Ecology -- v. 2 Paleoecology -- | |
| 650 | 0 |
_aMarine ecology. _9201198 |
|
| 650 | 0 |
_aPaleoecology. _9205744 |
|
| 700 | 1 |
_aHedgpeth, Joel W. _q(Joel Walker), _d1911-2006, _eed. _9207673 |
|
| 700 | 1 |
_aLadd, Harry S. _9215024 |
|
| 830 |
_aGeological Society of America. _vMemoir, 67. _9207674 |
||
| 942 |
_2ddc _cBK |
||
| 999 |
_c70122 _d70122 |
||